000
00303nam a2200133Ia 4500
008
200103s9999||||xx |||||||||||||| ||und||
040
_a
IMU-MPC
082
_a
Column-50
100
_a
Kuznetsov, A.
245
0
_a
Electron Devices
260
_b
Mir Publishers, Moscow
_c
1980
300
_a
424
942
_c
BK
999
_c
9834
_d
9834